[Event "CP-2018-P-00027"]
[Site "LSS email"]
[Date "2018.09.27"]
[Round "?"]
[White "Meissner, Ruediger"]
[Black "Falco, Osvaldo"]
[Result "1-0"]
[WhiteElo "2073"]
[BlackElo "1239"]
[PlyCount "35"]
[EventDate "2018.10.01"]
[EventType "tourn (corr)"]
[EventRounds "6"]
[EventCountry "GER"]
[SourceTitle "Corr 2022"]
[Source "ChessBase"]
[SourceDate "2021.10.24"]
[SourceVersion "1"]
[SourceVersionDate "2021.10.24"]
[SourceQuality "1"]

1. e4 e5 2. f4 exf4 3. Nf3 h6 4. d4 g5 5. Nc3 Bg7 6. g3 d6 7. gxf4 g4 8. Be3 gxf3 9. Qxf3 Nd7 10. Rg1 Bf6 11. 0-0-0 Nb6 12. e5 Bh4 13. d5 h5 14. Bb5+ Bd7 15. Bd4 Bxb5 16. exd6 Nf6 17. Qe3+ Kf8 18. dxc7 1-0

[Event "CP-2017-P-00032"]
[Site "LSS email"]
[Date "2017.09.27"]
[Round "?"]
[White "Falco, Osvaldo"]
[Black "Lombardi, Donato"]
[Result "1-0"]
[WhiteElo "1310"]
[BlackElo "826"]
[PlyCount "59"]
[EventDate "2017.10.01"]
[EventType "tourn (corr)"]
[EventRounds "6"]
[EventCountry "GER"]
[SourceTitle "Corr 2022"]
[Source "ChessBase"]
[SourceDate "2021.10.24"]
[SourceVersion "1"]
[SourceVersionDate "2021.10.24"]
[SourceQuality "1"]

1. c4 c5 2. g3 e6 3. Bg2 d5 4. Nf3 Nf6 5. 0-0 Nc6 6. cxd5 exd5 7. Nc3 Bd6 8. Re1 Bg4 9. Qb3 0-0 10. Nxd5 Nxd5 11. Qxd5 Qd7 12. a3 Rad8 13. d3 Qc7 14. Qc4 Bxf3 15. Bxf3 Ne5 16. Qe4 Nxf3+ 17. Qxf3 Rfe8 18. Be3 b6 19. Rac1 Be5 20. Rc2 g6 21. Rec1 Bg7 22. b4 Qe5 23. bxc5 bxc5 24. Rxc5 Qb2 25. a4 Bd4 26. Rc7 f6 27. Bxd4 Qxd4 28. Qb7 f5 29. Rxh7 Rf8 30. Rcc7 1-0

[Event "CP-2017-P-00032"]
[Site "LSS email"]
[Date "2017.09.27"]
[Round "?"]
[White "Kahl, Fred"]
[Black "Falco, Osvaldo"]
[Result "1-0"]
[WhiteElo "2396"]
[BlackElo "1310"]
[PlyCount "33"]
[EventDate "2017.10.01"]
[EventType "tourn (corr)"]
[EventRounds "6"]
[EventCountry "GER"]
[SourceTitle "Corr 2022"]
[Source "ChessBase"]
[SourceDate "2021.10.24"]
[SourceVersion "1"]
[SourceVersionDate "2021.10.24"]
[SourceQuality "1"]

1. e4 d6 2. d4 Nf6 3. Nc3 g6 4. Be3 Bg7 5. Qd2 c6 6. Bh6 0-0 7. 0-0-0 b5 8. f3 Qa5 9. h4 b4 10. Nb1 Bxh6 11. Qxh6 Qxa2 12. h5 e5 13. hxg6 fxg6 14. dxe5 dxe5 15. b3 a5 16. Bc4+ Rf7 17. Rd8+ 1-0

[Event "CP-2016-P-00011"]
[Site "LSS email"]
[Date "2016.09.27"]
[Round "?"]
[White "Boni, Roberto"]
[Black "Falco, Osvaldo"]
[Result "1-0"]
[WhiteElo "1908"]
[BlackElo "1275"]
[PlyCount "75"]
[EventDate "2016.10.01"]
[EventType "tourn (corr)"]
[EventRounds "6"]
[EventCountry "GER"]
[SourceTitle "Corr 2022"]
[Source "ChessBase"]
[SourceDate "2021.10.24"]
[SourceVersion "1"]
[SourceVersionDate "2021.10.24"]
[SourceQuality "1"]

1. e4 e5 2. Nf3 Nc6 3. Bb5 a6 4. Ba4 Nf6 5. 0-0 Be7 6. Re1 b5 7. Bb3 0-0 8. c3 d5 9. exd5 Nxd5 10. Nxe5 Nxe5 11. Rxe5 c6 12. Re1 Bd6 13. d4 Qh4 14. g3 Qh3 15. Qd3 Bg4 16. Be3 Rae8 17. Nd2 Qh5 18. a4 Re6 19. axb5 axb5 20. Bxd5 Qxd5 21. Qf1 Rfe8 22. h3 Bh5 23. Qg2 Qxg2+ 24. Kxg2 f5 25. Rg1 Rg6 26. Kh2 Kf7 27. Ra5 Be2 28. Bf4 Bxf4 29. gxf4 Bd3 30. Rxg6 hxg6 31. Nf3 Be4 32. Ne5+ Kf6 33. Ra7 Bd5 34. Kg3 Re7 35. Ra8 Re6 36. Rf8+ Ke7 37. Rf7+ Kd6 38. Rd7# 1-0

[Event "CP-2016-P-00011"]
[Site "LSS email"]
[Date "2016.09.27"]
[Round "?"]
[White "Kalinin, Vyacheslav"]
[Black "Falco, Osvaldo"]
[Result "1-0"]
[WhiteElo "1281"]
[BlackElo "1275"]
[PlyCount "109"]
[EventDate "2016.10.01"]
[EventType "tourn (corr)"]
[EventRounds "6"]
[EventCountry "GER"]
[SourceTitle "Corr 2022"]
[Source "ChessBase"]
[SourceDate "2021.10.24"]
[SourceVersion "1"]
[SourceVersionDate "2021.10.24"]
[SourceQuality "1"]

1. c4 c5 2. Nf3 Nf6 3. d4 cxd4 4. Nxd4 e6 5. g3 Qb6 6. Bg2 Bc5 7. e3 Nc6 8. Nb3 Bb4+ 9. Bd2 Ne5 10. Qc2 d5 11. cxd5 exd5 12. 0-0 0-0 13. Bxb4 Qxb4 14. Nc3 Rd8 15. Nd4 Be6 16. Rae1 Rac8 17. f4 Nc4 18. f5 Bd7 19. Bxd5 Nxb2 20. Rb1 Nxd5 21. Nxd5 Rxc2 22. Nxb4 Rd2 23. Nf3 Re2 24. Rf2 Rxf2 25. Kxf2 Nc4 26. Rd1 Nb6 27. Nd5 Nxd5 28. Rxd5 Kf8 29. Ne5 Ke7 30. e4 f6 31. Nd3 Bc6 32. Rxd8 Kxd8 33. Ke3 Ke7 34. Kd4 b6 35. Nf4 a6 36. Ne6 g6 37. fxg6 hxg6 38. Nc7 a5 39. Nd5+ Bxd5 40. Kxd5 Kd7 41. h4 a4 42. g4 a3 43. h5 gxh5 44. gxh5 Ke7 45. Kc6 Kf7 46. Kxb6 Kg7 47. Kc5 Kh6 48. Kb4 Kxh5 49. Kxa3 f5 50. exf5 Kg5 51. Kb4 Kxf5 52. Kc5 Ke6 53. Kc6 Ke7 54. a4 Kd8 55. Kb7 1-0

[Event "BI-2015-P-0000"]
[Site "LSS email"]
[Date "2015.04.16"]
[Round "?"]
[White "Zonneveld, Will"]
[Black "Falco, Osvaldo"]
[Result "1-0"]
[WhiteElo "2037"]
[BlackElo "1469"]
[PlyCount "51"]
[EventDate "2015.04.22"]
[EventType "tourn (corr)"]
[EventRounds "10"]
[EventCountry "GER"]
[SourceTitle "Corr 2022"]
[Source "ChessBase"]
[SourceDate "2021.10.24"]
[SourceVersion "1"]
[SourceVersionDate "2021.10.24"]
[SourceQuality "1"]

1. e4 d6 2. d4 Nf6 3. Nc3 g6 4. f4 a6 5. Nf3 b5 6. e5 Nfd7 7. h4 h5 8. Ng5 Nb6 9. a4 b4 10. a5 bxc3 11. axb6 cxb2 12. Bxb2 cxb6 13. Bb5+ Bd7 14. Bc4 e6 15. d5 Be7 16. dxe6 fxe6 17. exd6 Bxg5 18. fxg5 Rg8 19. 0-0 b5 20. Qf3 Qb6+ 21. Kh1 Qxd6 22. Qf7+ Kd8 23. Qxg8+ Kc7 24. Rad1 Qc6 25. Be5+ Kb7 26. Rf8 1-0

[Event "BI-2015-F-0000"]
[Site "LSS email"]
[Date "2015.02.12"]
[Round "?"]
[White "Falco, Osvaldo"]
[Black "Correa de Almeida, Claudio"]
[Result "0-1"]
[WhiteElo "1483"]
[BlackElo "1530"]
[PlyCount "120"]
[EventDate "2015.02.11"]
[EventType "tourn (corr)"]
[EventRounds "10"]
[EventCountry "GER"]
[SourceTitle "Corr 2022"]
[Source "ChessBase"]
[SourceDate "2021.10.24"]
[SourceVersion "1"]
[SourceVersionDate "2021.10.24"]
[SourceQuality "1"]

1. d4 Nf6 2. Bg5 Ne4 3. Bf4 c5 4. f3 Qa5+ 5. c3 Nf6 6. d5 Qb6 7. e4 Qxb2 8. Nd2 Qxc3 9. Bc7 d6 10. Rb1 Nfd7 11. Bb5 Qf6 12. Ne2 a6 13. Qa4 g6 14. Nc4 axb5 15. Qxa8 bxc4 16. Bxb8 Kd8 17. Qa5+ b6 18. Qa7 e6 19. Qc7+ Ke8 20. Qxc8+ Qd8 21. Qxd8+ Kxd8 22. Ba7 Kc7 23. Nc3 Bg7 24. Nb5+ Kb7 25. Bxb6 Nxb6 26. Nxd6+ Kc7 27. Nxf7 Ra8 28. Ng5 Bc3+ 29. Kf2 Rxa2+ 30. Kg3 exd5 31. exd5 Nxd5 32. Rhf1 Be5+ 33. f4 Ra3+ 34. Kh4 Bf6 35. f5 h6 36. fxg6 Bxg5+ 37. Kh5 Nf4+ 38. Rxf4 Bxf4 39. g7 Ra8 40. Rf1 Bd6 41. Kxh6 Be5 42. Kh7 Bxg7 43. Kxg7 Ra2 44. Rg1 c3 45. h4 Rd2 46. g4 Rd4 47. Rg2 Rc4 48. g5 c2 49. Rxc2 Rxc2 50. h5 c4 51. h6 Rh2 52. h7 c3 53. g6 c2 54. h8Q Rxh8 55. Kxh8 c1Q 56. g7 Qh1+ 57. Kg8 Qf3 58. Kh7 Qh5+ 59. Kg8 Kd7 60. Kf8 Qe8# 0-1

[Event "BI-2015-F-0000"]
[Site "LSS email"]
[Date "2015.02.12"]
[Round "?"]
[White "Laffont, Jose Eduardo Alfred"]
[Black "Falco, Osvaldo"]
[Result "1-0"]
[WhiteElo "1702"]
[BlackElo "1483"]
[PlyCount "75"]
[EventDate "2015.02.11"]
[EventType "tourn (corr)"]
[EventRounds "10"]
[EventCountry "GER"]
[SourceTitle "Corr 2022"]
[Source "ChessBase"]
[SourceDate "2021.10.24"]
[SourceVersion "1"]
[SourceVersionDate "2021.10.24"]
[SourceQuality "1"]

1. d4 Nf6 2. c4 d6 3. Nf3 g6 4. Nc3 Bf5 5. d5 Bg7 6. Nd4 Bd7 7. e4 e5 8. Nf3 0-0 9. Bd3 Na6 10. 0-0 Nc5 11. Bc2 a5 12. Be3 Re8 13. Bxc5 dxc5 14. Ba4 Re7 15. Bxd7 Qxd7 16. Qb3 b6 17. h3 Rd8 18. Rad1 Ne8 19. Nb5 Nd6 20. Nxd6 Qxd6 21. Nd2 Red7 22. Nb1 Qf6 23. Nc3 Qf4 24. Rfe1 Rb8 25. Nb5 Bf8 26. Na7 Ra8 27. Nc6 Rd6 28. g3 Qg5 29. Qf3 Rf6 30. Qg4 Qxg4 31. hxg4 h6 32. Nxe5 Rd6 33. Nc6 Rxc6 34. dxc6 Re8 35. Rd7 Re7 36. Rxe7 Bxe7 37. Rd1 Bd6 38. Rxd6 1-0

[Event "BI-2015-F-0000"]
[Site "LSS email"]
[Date "2015.02.12"]
[Round "?"]
[White "Miquel, Indalecio"]
[Black "Falco, Osvaldo"]
[Result "1-0"]
[WhiteElo "1321"]
[BlackElo "1483"]
[PlyCount "49"]
[EventDate "2015.02.11"]
[EventType "tourn (corr)"]
[EventRounds "10"]
[EventCountry "GER"]
[SourceTitle "Corr 2022"]
[Source "ChessBase"]
[SourceDate "2021.10.24"]
[SourceVersion "1"]
[SourceVersionDate "2021.10.24"]
[SourceQuality "1"]

1. d4 d5 2. c4 e6 3. Nc3 Nf6 4. Nf3 Be7 5. Bg5 0-0 6. e3 Nbd7 7. Rc1 c6 8. Bd3 dxc4 9. Bxc4 Nd5 10. Bxe7 Qxe7 11. 0-0 Nxc3 12. Rxc3 e5 13. Qc2 e4 14. Nd2 Nf6 15. a3 Bg4 16. h3 Bf5 17. b4 Rad8 18. Ba2 Rfe8 19. Rc5 Bg6 20. Ra5 b6 21. Re5 Qd7 22. Rxe8+ Rxe8 23. Rc1 Rc8 24. Nc4 Qd6 25. Nxd6 1-0

[Event "BI-2014-P-0026"]
[Site "LSS email"]
[Date "2014.04.19"]
[Round "?"]
[White "Aberg, Lars Erik"]
[Black "Falco, Osvaldo"]
[Result "1-0"]
[WhiteElo "1991"]
[BlackElo "1150"]
[PlyCount "53"]
[EventDate "2014.04.25"]
[EventType "tourn (corr)"]
[EventRounds "10"]
[EventCountry "GER"]
[SourceTitle "Corr 2015"]
[Source "ChessBase"]
[SourceDate "2015.07.17"]
[SourceVersion "1"]
[SourceVersionDate "2015.07.17"]
[SourceQuality "1"]

1. d4 g6 2. c4 Bg7 3. Nc3 d6 4. e4 e5 5. d5 f5 6. exf5 gxf5 7. Qh5+ Kf8 8. Nh3 Nf6 9. Qh4 Qe8 10. Be2 Na6 11. 0-0 Qg6 12. f4 Rg8 13. fxe5 dxe5 14. Bf3 Bd7 15. Bd2 e4 16. Nf4 Qf7 17. Ne6+ Bxe6 18. dxe6 Qxe6 19. Bxe4 fxe4 20. Nxe4 Ke7 21. Nxf6 Qb6+ 22. Kh1 Bxf6 23. Rae1+ Kf7 24. Bc3 Rg6 25. Bxf6 Kg8 26. Re7 h6 27. Qe4 1-0

[Event "BI-2014-P-0026"]
[Site "LSS email"]
[Date "2014.04.19"]
[Round "?"]
[White "Falco, Osvaldo"]
[Black "Boni, Roberto"]
[Result "0-1"]
[WhiteElo "1150"]
[BlackElo "1515"]
[PlyCount "50"]
[EventDate "2014.04.25"]
[EventType "tourn (corr)"]
[EventRounds "10"]
[EventCountry "GER"]
[SourceTitle "Corr 2015"]
[Source "ChessBase"]
[SourceDate "2015.07.17"]
[SourceVersion "1"]
[SourceVersionDate "2015.07.17"]
[SourceQuality "1"]

1. e4 d5 2. d4 c6 3. exd5 cxd5 4. c4 Nf6 5. Nc3 e6 6. Nf3 Bb4 7. cxd5 Nxd5 8. Qc2 Nc6 9. Be2 0-0 10. 0-0 Re8 11. Rd1 Bd7 12. Bg5 f6 13. Bh4 Rc8 14. Nxd5 exd5 15. Bd3 Nxd4 16. Bxh7+ Kh8 17. Qg6 Bf5 18. Qh5 Ne2+ 19. Kf1 Bxh7 20. Qxd5 Qb6 21. Qf7 Re7 22. Qh5 Rc5 23. Qg4 Bf5 24. Qh5+ Kg8 25. Ng1 Ng3+ 0-1

[Event "BI-2014-P-0026"]
[Site "LSS email"]
[Date "2014.04.19"]
[Round "?"]
[White "Falco, Osvaldo"]
[Black "Kudela, Pavel"]
[Result "1-0"]
[WhiteElo "1150"]
[BlackElo "1047"]
[PlyCount "135"]
[EventDate "2014.04.25"]
[EventType "tourn (corr)"]
[EventRounds "10"]
[EventCountry "GER"]
[SourceTitle "Corr 2015"]
[Source "ChessBase"]
[SourceDate "2015.07.17"]
[SourceVersion "1"]
[SourceVersionDate "2015.07.17"]
[SourceQuality "1"]

1. c4 Nf6 2. g3 e5 3. Bg2 Bc5 4. Nc3 d6 5. e3 0-0 6. Nge2 Bg4 7. 0-0 Nc6 8. a3 Re8 9. b4 Bb6 10. d3 a6 11. b5 axb5 12. cxb5 Na5 13. Qc2 c6 14. Rb1 d5 15. Re1 e4 16. dxe4 Bxe2 17. Rxe2 Nxe4 18. Nxe4 dxe4 19. bxc6 Nxc6 20. Rd2 Qc7 21. Bxe4 h6 22. Bb2 Na5 23. Qxc7 Bxc7 24. Bg2 Rab8 25. Rd7 Bb6 26. Bc3 Nc4 27. Bb4 Ba5 28. Bxa5 Nxa5 29. Bxb7 Nxb7 30. Rbxb7 Rxb7 31. Rxb7 Ra8 32. Rb3 f6 33. h4 Kf7 34. Kg2 Ke6 35. h5 Ra5 36. g4 f5 37. f3 Kf6 38. Kg3 Ke5 39. Rd3 Ra4 40. Rb3 Ra5 41. Kf2 fxg4 42. fxg4 Ke4 43. Ke2 Ke5 44. Kf3 Kf6 45. Kf4 Ke6 46. e4 Kf6 47. Rc3 Ke6 48. Rd3 Kf6 49. e5+ Ke6 50. Rd6+ Ke7 51. Rg6 Kf7 52. e6+ Kf8 53. e7+ Kf7 54. Re6 Ke8 55. Re3 Ra6 56. Kf5 Rf6+ 57. Ke5 Kxe7 58. Kd5+ Kd7 59. Rc3 Ra6 60. Kc5 Kc7 61. Kb5+ Kb7 62. a4 Rb6+ 63. Kc4 Ra6 64. Kb4 Kb6 65. Re3 g5 66. Re6+ Kb7 67. Rxa6 Kxa6 68. Kc5 1-0

[Event "BI-2013-F-0023"]
[Site "LSS email"]
[Date "2014.02.21"]
[Round "?"]
[White "Falco, Osvaldo"]
[Black "Gorman, Andrew"]
[Result "1-0"]
[WhiteElo "1154"]
[BlackElo "844"]
[PlyCount "75"]
[EventDate "2014.02.27"]
[EventType "tourn (corr)"]
[EventRounds "10"]
[EventCountry "GER"]
[SourceTitle "Corr 2015"]
[Source "ChessBase"]
[SourceDate "2015.07.17"]
[SourceVersion "1"]
[SourceVersionDate "2015.07.17"]
[SourceQuality "1"]

1. c4 g6 2. g3 Bg7 3. Bg2 e5 4. Nc3 Nc6 5. e4 h5 6. h3 d6 7. Nge2 Nge7 8. 0-0 0-0 9. d3 Be6 10. Bg5 a6 11. Qd2 Qd7 12. Kh2 Nd4 13. Nxd4 exd4 14. Nd5 Bxd5 15. exd5 c5 16. Rae1 Rae8 17. Re4 f6 18. Bh6 Nf5 19. Bxg7 Qxg7 20. Rfe1 Rxe4 21. Rxe4 Qd7 22. Qe2 b5 23. b3 Kg7 24. g4 hxg4 25. hxg4 Rh8+ 26. Kg1 Rh4 27. gxf5 Rxe4 28. Qxe4 gxf5 29. Qe6 Qxe6 30. dxe6 Kf8 31. Bh3 f4 32. Kg2 bxc4 33. bxc4 Ke7 34. Kf3 a5 35. Kxf4 Ke8 36. Ke4 Ke7 37. Kd5 a4 38. a3 1-0

[Event "BI-2013-F-0023"]
[Site "LSS email"]
[Date "2014.02.21"]
[Round "?"]
[White "Falco, Osvaldo"]
[Black "Lombardi, Donato"]
[Result "1/2-1/2"]
[WhiteElo "1154"]
[BlackElo "750"]
[PlyCount "115"]
[EventDate "2014.02.27"]
[EventType "tourn (corr)"]
[EventRounds "10"]
[EventCountry "GER"]
[SourceTitle "Corr 2015"]
[Source "ChessBase"]
[SourceDate "2015.07.17"]
[SourceVersion "1"]
[SourceVersionDate "2015.07.17"]
[SourceQuality "1"]

1. c4 c5 2. g3 Nc6 3. Bg2 Nf6 4. Nf3 e6 5. 0-0 d5 6. b3 Bd6 7. Bb2 d4 8. e3 e5 9. Re1 0-0 10. Na3 e4 11. Ng5 Re8 12. Qc2 d3 13. Qc1 h6 14. Nh3 Nb4 15. Bc3 a6 16. Bxb4 cxb4 17. Nc2 dxc2 18. Qxc2 Bg4 19. Nf4 Rc8 20. d3 exd3 21. Qxd3 Qc7 22. h3 Bxf4 23. exf4 Red8 24. Qe3 Re8 25. Qd3 Rxe1+ 26. Rxe1 Be6 27. Qf3 b5 28. cxb5 Bd5 29. Qd3 Bxg2 30. Kxg2 axb5 31. Qxb5 Qc6+ 32. Qxc6 Rxc6 33. Rd1 Rc2 34. Rd4 Rxa2 35. Rxb4 Nd5 36. Rd4 Nc3 37. b4 Rb2 38. Rd8+ Kh7 39. Rb8 Ne4 40. Kf3 Nxf2 41. h4 Nd3 42. b5 Rb3 43. Kg2 Nc5 44. g4 Nd3 45. f5 Ne5 46. g5 hxg5 47. hxg5 g6 48. f6 Rb4 49. b6 Nd7 50. Rb7 Nxb6 51. Rxf7+ Kg8 52. Rg7+ Kf8 53. Rxg6 Nd5 54. Kf3 Kf7 55. Rg7+ Kf8 56. Ra7 Rb6 57. Ke4 Nxf6+ 58. gxf6 1/2-1/2

[Event "BI-2013-F-0023"]
[Site "LSS email"]
[Date "2014.02.21"]
[Round "?"]
[White "Falco, Osvaldo"]
[Black "Zmolil, Karel"]
[Result "1-0"]
[WhiteElo "1154"]
[BlackElo "1226"]
[PlyCount "61"]
[EventDate "2014.02.27"]
[EventType "tourn (corr)"]
[EventRounds "10"]
[EventCountry "GER"]
[SourceTitle "Corr 2015"]
[Source "ChessBase"]
[SourceDate "2015.07.17"]
[SourceVersion "1"]
[SourceVersionDate "2015.07.17"]
[SourceQuality "1"]

1. c4 e6 2. g3 Nf6 3. Bg2 d5 4. Nf3 c6 5. 0-0 Nbd7 6. b3 Be7 7. Bb2 Nb6 8. Qc2 a5 9. a4 Nbd7 10. d3 h6 11. Nbd2 Bd6 12. Rfe1 e5 13. Rad1 0-0 14. e3 Re8 15. Re2 b6 16. Nb1 Bb7 17. Red2 Rc8 18. Nc3 Bb4 19. Re2 Rc7 20. Na2 Bf8 21. Qc1 e4 22. dxe4 dxe4 23. Ne5 c5 24. Red2 Qc8 25. Nxd7 Nxd7 26. Nc3 Nb8 27. Nb5 Rd7 28. Qc3 f6 29. Rxd7 Nxd7 30. Bh3 Bc6 31. Na7 1-0